Clinical neuropsychology

Focuses on the clinical presentation of the major neurobehavioral syndromes, including symptoms, signs, and methods of assessment that are useful for diagnosis, and also their underlying anatomy, physiology, and pathology. The major behavioral disorders that are covered include aphasia, agraphia, al...

Full description

Saved in:
Bibliographic Details
Format: Book
Language:Undetermined
Published: New York Oxford University Press 1984
Subjects:
Tags: Add Tag
No Tags, Be the first to tag this record!
Institutions: Trung tâm Học liệu Trường Đại học Cần Thơ
LEADER 01030nam a2200181Ia 4500
001 CTU_221072
008 210402s9999 xx 000 0 und d
082 |a 616.89 
082 |b C641 
245 0 |a Clinical neuropsychology 
245 0 |c Edited by Kenneth M. Heilman, Edward Valenstein 
260 |a New York 
260 |b Oxford University Press 
260 |c 1984 
520 |a Focuses on the clinical presentation of the major neurobehavioral syndromes, including symptoms, signs, and methods of assessment that are useful for diagnosis, and also their underlying anatomy, physiology, and pathology. The major behavioral disorders that are covered include aphasia, agraphia, alexia, amnesia, apraxia, neglect, executive disorders and dementia. The text also discusses advances in assessment, diagnosis and treatment of these disorders 
650 |a Tâm thần học lâm sàng,Clinical neuropsychology,Neuropsychiatry,Thần kinh học 
904 |i Nguyên 
980 |a Trung tâm Học liệu Trường Đại học Cần Thơ